| 000 | 00704nam a22001937a 4500 | ||
|---|---|---|---|
| 008 | 090709t xxu||||| |||| 00| 0 eng d | ||
| 020 | _a0194362450 | ||
| 020 | _a9780194362450 | ||
| 082 |
_222 _a428.34 _bBOW |
||
| 100 |
_926079 _aBowler, Bill |
||
| 245 |
_aNew Headway Pronunciation. Intermediate. Student's Pratice Book / _c Sarah Cunningham & Bill Bowler. |
||
| 260 |
_aOxford : _bOxford Univ. Press, 1999 _c1999 |
||
| 300 |
_a63 p.: _bill.; _c24 cm. |
||
| 650 |
_92389 _aEnglish language _vTextbooks for foreign speakers. |
||
| 650 |
_97771 _aEnglish language _vTextbooks for foreign speakers. _xPronunciation. |
||
| 653 | _bENG | ||
| 700 |
_914288 _aCunningham, Sarah |
||
| 942 |
_2ddc _cBB |
||
| 999 |
_c12312 _d12312 |
||